|
|
|
|
| LEADER |
00000nam a22000007a 4500 |
| 005 |
20130215112404.0 |
| 007 |
cr|||| |||| |
| 008 |
130215e2012 it |||||s|||| 00| 0 ita d |
| 020 |
|
|
|a 8866111198
|
| 035 |
|
|
|a 6797
|
| 040 |
|
|
|a vLex
|
| 090 |
|
|
|c 3651
|d 3651
|
| 245 |
0 |
0 |
|a Liber amicorum
|b Spunti di diritto del lavoro in dialogo con Bruno Veneziani
|h [Recurso electrn̤ico]
|
| 256 |
|
|
|a Servicio en ln̕ea
|
| 260 |
|
|
|a Bari :
|b Cacucci Editore,
|c 2012
|
| 300 |
|
|
|a 1 Recurso electrn̤ico
|
| 650 |
0 |
4 |
|a Derecho laboral y Seguridad Social
|z Italia
|
| 650 |
0 |
4 |
|a Estado del bienestar
|z Italia
|
| 740 |
|
|
|a vLex Libros (Servicio en ln̕ea)
|
| 856 |
|
|
|a Acceso restringido
|u http://www.vlex.com/source/6797
|
| 942 |
|
|
|c BOOK
|
| 999 |
|
0 |
|a Labor laws and legislation
|